Revolish TOEFL iBT prep : four skills reading, listening, speaking, writing. Level 1 /

Đã lưu trong:
书目详细资料
主要作者: Kim, Nathan
格式: 图书
语言:Vietnamese
出版: TR 2010
标签: 添加标签
没有标签, 成为第一个标记此记录!
Thư viện lưu trữ: Mạng thư viện Đại học Đà Nẵng
LEADER 00675nam a2200265 4500
001 000027610
003 KI-N
005 20150403120000.0
008 150403s vm 000 vie
020 |c 0,0000 
040 |a notts 
100 |a Kim, Nathan 
245 |a Revolish TOEFL iBT prep : four skills reading, listening, speaking, writing. Level 1 /  |c Nathan Kim, Peggy Anderson, Elaine Cho. 
260 |b TR  |c 2010 
OWN |a LTT 
999 |a From the UDN01 
TYP |a Monograph 
TYP |a Printed language 
980 |a Mạng thư viện Đại học Đà Nẵng